Quiz da Croácia - Statistics

Estatísticas Gerais
  • Esse quiz foi jogado 1 711 vezes
  • A pontuação média é 9 de 19
Estatísticas das Respostas
Dica Resposta % Correto
Capital Zagreb
91%
Países fazendo fronteira com a Croácia Bósnia e Herzegovina
84%
Países fazendo fronteira com a Croácia Eslovénia
82%
Países fazendo fronteira com a Croácia Sérvia
82%
A Croácia fazia parte deste país entre 1918 e 1991 Jugoslávia
80%
Países fazendo fronteira com a Croácia Montenegro
74%
Jogador de futebol que ganhou a Bola de Ouro em 2018 Luka Modrić
73%
Países fazendo fronteira com a Croácia Hungria
70%
Península onde fica a Croácia Bálcãs
56%
Moeda oficial Euro
51%
Ramo do Cristianismo mais comum Catolicismo
49%
Mar fazendo fronteira com a Croácia Mar Adriático
44%
Segunda maior cidade Split
28%
Cordilheira que passa pela Croácia {Alpes} Dináricos
26%
Cidade murada, que é um Património Mundial Dubrovnik
19%
Região da metade sul da Croácia Dalmácia
13%
Duas maiores ilhas (nomeie qualquer um) Cres | Krk
10%
Península do noroeste croata Ístria
10%
Imperador romano que construiu um palácio na cidade acima Diocleciano
8%
Nenhum quiz correspondente encontrado
Distribuição das Pontuações
Porcentagem de Pessoas com Cada Pontuação
Percentil de Números Respondidos
Sua Pontuação Histórica
Você não jogou esse quiz